000 01463nam a2200349Ia 4500
001 ebr10060648
003 CaPaEBR
006 m u
007 cr cn|||||||||
008 900427s1990 mau sb 001 0 eng d
010 _z 90012481
020 _z0203168240
020 _z0049421956
040 _aCaPaEBR
_cCaPaEBR
035 _a(OCoLC)646717809
050 1 4 _aDA390
_b.P43 1990eb
082 0 4 _a306.2/0941/09032
_220
100 1 _aPeck, Linda Levy.
245 1 0 _aCourt patronage and corruption in early Stuart England
_h[electronic resource] /
_cLinda Levy Peck.
260 _aBoston ;
_aLondon :
_bUnwin Hyman,
_c1990.
300 _axii, 319 p.
504 _aIncludes bibliographical references (p. 289-309) and index.
533 _aElectronic reproduction.
_bPalo Alto, Calif. :
_cebrary,
_d2009.
_nAvailable via World Wide Web.
_nAccess may be limited to ebrary affiliated libraries.
650 0 _aPatronage, Political
_zGreat Britain
_xHistory
_y17th century.
650 0 _aPolitical corruption
_zGreat Britain
_xHistory
_y17th century.
651 0 _aGreat Britain
_xPolitics and government
_y1603-1649.
651 0 _aGreat Britain
_xCourt and courtiers
_xHistory
_y17th century.
651 0 _aEngland
_xSocial conditions
_y17th century.
655 7 _aElectronic books.
_2local
710 2 _aebrary, Inc.
856 4 0 _uhttp://site.ebrary.com/lib/rucke/Doc?id=10060648
_zAn electronic book accessible through the World Wide Web; click to view
999 _c46119
_d46119